Significations des voyants du tableau de bord d'une voiture - Statistiques

Statistiques générales
  • Ce quiz a été pris 38 fois
  • Le résultat moyen est 11 sur 24
Statistiques - réponses
Par images Réponse % Correct
Batterie
96%
Frein à main
79%
Essence
75%
Température moteur
68%
Airbag
64%
Huile moteur
64%
ABS
61%
Feux de route
54%
Moteur
50%
Porte ouverte
50%
Ceinture de sécurité
46%
Contrôle stabilité
46%
Régulateur de vitesse
46%
Verglas
46%
Pression des pneus
36%
Feux de brouillard arrière
32%
Lave-glace
32%
Préchauffage
29%
Feux de détresse
25%
Freins
25%
Plaquette de frein
21%
Suspension
18%
Anti-patinage
14%
Boîte de vitesses
11%
Aucun quiz correspondant
Distribution des résultats
% des personnes avec chaque résultat
Percentile par nombre de réponses
Votre historique - résultats
Vous n’avez pas pris ce quiz